Digital interactive TV and metadata : future broadcast multimedia / (Record no. 1696)
| 000 -LEADER | |
|---|---|
| fixed length control field | 01391cam a22003494a 4500 |
| 001 - CONTROL NUMBER | |
| control field | 13502285 |
| 003 - CONTROL NUMBER IDENTIFIER | |
| control field | OSt |
| 005 - DATE AND TIME OF LATEST TRANSACTION | |
| control field | 20150424120326.0 |
| 008 - FIXED-LENGTH DATA ELEMENTS--GENERAL INFORMATION | |
| fixed length control field | 040226s2004 gw a b 001 0 eng |
| 010 ## - LIBRARY OF CONGRESS CONTROL NUMBER | |
| LC control number | 2004045616 |
| 020 ## - INTERNATIONAL STANDARD BOOK NUMBER | |
| International Standard Book Number | 0387208437 (alk. paper) |
| 040 ## - CATALOGING SOURCE | |
| Original cataloging agency | DLC |
| Transcribing agency | DLC |
| Modifying agency | DLC |
| 042 ## - AUTHENTICATION CODE | |
| Authentication code | pcc |
| 050 00 - LIBRARY OF CONGRESS CALL NUMBER | |
| Classification number | TK6679.3.L84 2004 |
| 082 00 - DEWEY DECIMAL CLASSIFICATION NUMBER | |
| Classification number | 384.55 |
| Edition number | 22 |
| 100 1# - MAIN ENTRY--PERSONAL NAME | |
| Personal name | Lugmayr, Artur. |
| 245 10 - TITLE STATEMENT | |
| Title | Digital interactive TV and metadata : future broadcast multimedia / |
| Statement of responsibility, etc | Artur Lugmayr, Samuli Niiranen, Seppo Kalli. |
| 260 ## - PUBLICATION, DISTRIBUTION, ETC. (IMPRINT) | |
| Place of publication, distribution, etc | Berlin ; |
| -- | New York : |
| Name of publisher, distributor, etc | Springer, |
| Date of publication, distribution, etc | 2004. |
| 300 ## - PHYSICAL DESCRIPTION | |
| Extent | xv, 254 p. : |
| Other physical details | ill. ; |
| Dimensions | 24 cm. |
| 440 #0 - SERIES STATEMENT/ADDED ENTRY--TITLE | |
| Title | Signals and communication technology |
| 504 ## - BIBLIOGRAPHY, ETC. NOTE | |
| Bibliography, etc | Includes bibliographical references (p. [235]-245) and index. |
| 650 #0 - SUBJECT ADDED ENTRY--TOPICAL TERM | |
| Topical term or geographic name as entry element | Interactive television. |
| 650 #0 - SUBJECT ADDED ENTRY--TOPICAL TERM | |
| Topical term or geographic name as entry element | Metadata. |
| 650 #0 - SUBJECT ADDED ENTRY--TOPICAL TERM | |
| Topical term or geographic name as entry element | Television broadcasting |
| General subdivision | Technological innovations. |
| 700 1# - ADDED ENTRY--PERSONAL NAME | |
| Personal name | Niiranen, Samuli. |
| 700 1# - ADDED ENTRY--PERSONAL NAME | |
| Personal name | Kalli, Seppo. |
| 856 42 - ELECTRONIC LOCATION AND ACCESS | |
| Materials specified | Publisher description |
| Uniform Resource Identifier | <a href="http://www.loc.gov/catdir/enhancements/fy0818/2004045616-d.html">http://www.loc.gov/catdir/enhancements/fy0818/2004045616-d.html</a> |
| 856 41 - ELECTRONIC LOCATION AND ACCESS | |
| Materials specified | Table of contents only |
| Uniform Resource Identifier | <a href="http://www.loc.gov/catdir/enhancements/fy0818/2004045616-t.html">http://www.loc.gov/catdir/enhancements/fy0818/2004045616-t.html</a> |
| 906 ## - LOCAL DATA ELEMENT F, LDF (RLIN) | |
| a | 7 |
| b | cbc |
| c | orignew |
| d | 1 |
| e | ocip |
| f | 20 |
| g | y-gencatlg |
| 942 ## - ADDED ENTRY ELEMENTS (KOHA) | |
| Source of classification or shelving scheme | |
| Koha item type | Book |
| Withdrawn status | Lost status | Source of classification or shelving scheme | Damaged status | Not for loan | Home library | Current library | Shelving location | Date acquired | Total Checkouts | Full call number | Barcode | Date last seen | Copy number | Price effective from | Koha item type | Date checked out |
|---|---|---|---|---|---|---|---|---|---|---|---|---|---|---|---|---|
| Riara University Library | Riara University Library | General stack | 24/04/2015 | TK6679.3.L84 2004 | 5917/15 | 24/04/2015 | C.1 | 24/04/2015 | Book | |||||||
| Riara University Library | Riara University Library | General stack | 24/04/2015 | TK6679.3.L84 2004 | 5918/15 | 24/04/2015 | C.2 | 24/04/2015 | Book | |||||||
| Riara University Library | Riara University Library | General stack | 24/04/2015 | 1 | TK6679.3.L84 2004 | 5919/15 | 18/05/2022 | C.3 | 24/04/2015 | Book | 04/01/2022 |
